Análisis al gasto público en el municipio de Ibagué durante el año 2008 (Registro nro. 152685)

Detalles MARC
000 -CABECERA
campo de control de longitud fija 00652nam a2200193Ia 4500
001 - NÚMERO DE CONTROL
campo de control 152685
003 - IDENTIFICADOR DEL NÚMERO DE CONTROL
campo de control 246743
005 - FECHA Y HORA DE LA ÚLTIMA TRANSACCIÓN
campo de control 20250530062542.0
008 - DATOS DE LONGITUD FIJA--INFORMACIÓN GENERAL
campo de control de longitud fija ||||||n9999 ||| || ||
082 ## - NÚMERO DE LA CLASIFICACIÓN DECIMAL DEWEY
Número de edición 21
Número de clasificación 336.39
100 ## - ENTRADA PRINCIPAL--NOMBRE DE PERSONA
Nombre de persona Lozada Villareal, Luis Arturo
9 (RLIN) 189390
245 #0 - MENCIÓN DE TÍTULO
Título Análisis al gasto público en el municipio de Ibagué durante el año 2008
504 ## - NOTA DE BIBLIOGRAFÍA, ETC.
Nota de bibliografía, etc. Incluye bibliografía
562 ## - NOTA DE IDENTIFICACIÓN DE LA COPIA Y VERSIÓN
Número de copias 1
650 #0 - PUNTO DE ACCESO ADICIONAL DE MATERIA--TÉRMINO DE MATERIA
Término de materia o nombre geográfico como elemento de entrada ESCUELA SUPERIOR DE ADMINISTRACIÓN PÚBLICA (TOLIMA)--TESIS Y DISERTACIONES ACADÉMICAS
9 (RLIN) 188981
650 #0 - PUNTO DE ACCESO ADICIONAL DE MATERIA--TÉRMINO DE MATERIA
Término de materia o nombre geográfico como elemento de entrada Especialización en Finanzas Públicas (Tolima)
9 (RLIN) 188505
650 #0 - PUNTO DE ACCESO ADICIONAL DE MATERIA--TÉRMINO DE MATERIA
Término de materia o nombre geográfico como elemento de entrada Gastos públicos
9 (RLIN) 5525
942 ## - ELEMENTOS DE PUNTO DE ACCESO ADICIONAL (KOHA)
Tipo de ítem Koha Tesis
Existencias
Estado de retiro Estado de pérdida Estado dañado No para préstamo Código de colección Localización permanente Ubicación/localización actual Coste, precio normal de compra Total de préstamos Signatura topográfica completa Código de barras Número de copia Tipo de ítem Koha
        Trabajos de Grado Ibagué - Sede Tolima Ibagué - Sede Tolima 0.00   TOL027 2009 TOL5974 1 Tesis